000
00356nam a2200133Ia 4500
008
100328s9999 xx 000 0 und d
082
_b
34862
100
_a
काशिकर एस.एम.
245
_a
प्रतिशोध
260
_b
पूजा.
630
_a
प्रतिशोध
730
_a
प्रतिशोध
942
_c
BOOK
999
_c
524912
_d
524909